面積の広い町村TOP100 (2000年) - Statistics

General Stats
  • This quiz has been taken 53 times
  • The average score is 63 of 100
Answer Stats
順位 都道府県 面積 町村名 % Correct
1位 北海道 1408.09km² 足寄町
92%
2位 北海道 1320.19km² 別海町
87%
5位 北海道 1049.24km² 上川町
87%
6位 岩手県 992.90km² 岩泉町
85%
4位 北海道 1064.01km² 新得町
82%
11位 北海道 767.03km² 幌加内町
82%
18位 北海道 735.60km² 八雲町
82%
19位 北海道 734.82km² 厚岸町
82%
21位 北海道 715.88km² 津別町
82%
24位 北海道 684.98km² 中標津町
82%
34位 北海道 624.4km² 標津町
82%
36位 北海道 608.81km² 陸別町
82%
38位 北海道 596.06km² 広尾町
82%
75位 北海道 427.65km² 浜中町
82%
22位 北海道 700.87km² 上士幌町
79%
30位 北海道 644.20km² 下川町
79%
40位 北海道 591.48km² 遠別町
79%
41位 北海道 589.97km² 猿払村
79%
50位 北海道 563.95km² 日高町
79%
7位 北海道 816.38km² 大樹町
77%
9位 北海道 774.70km² 弟子屈町
77%
13位 福島県 747.53km² 只見町
77%
16位 山形県 737.55km² 小国町
77%
26位 奈良県 672.35km² 十津川村
77%
29位 北海道 665.53km² 南富良野町
77%
39位 北海道 595.02km² 中川町
77%
46位 北海道 571.33km² 占冠村
77%
62位 北海道 509.13km² 枝幸町
77%
88位 北海道 397.84km² 羅臼町
77%
3位 北海道 1099.56km² 標茶町
74%
12位 北海道 766.89km² 滝上町
74%
20位 北海道 729.64km² 浦幌町
74%
10位 北海道 773.67km² 白糠町
72%
17位 北海道 736.97km² 斜里町
72%
23位 北海道 694.23km² 浦河町
72%
27位 北海道 672.14km² 美深町
72%
31位 北海道 637.01km² 雄武町
72%
43位 北海道 574.52km² 幌延町
72%
59位 北海道 520.67km² 豊富町
72%
65位 北海道 472.81km² 羽幌町
72%
33位 北海道 627.29km² 小平町
69%
42位 北海道 585.88km² 新冠町
69%
54位 北海道 536.52km² 豊頃町
69%
83位 北海道 401.56km² 浜頓別町
69%
87位 北海道 398.55km² 中頓別町
69%
49位 北海道 564.69km² 留辺蘂町
67%
56位 群馬県 527.72km² 水上町
67%
63位 北海道 495.62km² 新十津川町
67%
69位 北海道 454.52km² 苫前町
67%
79位 北海道 404.99km² 佐呂間町
67%
14位 北海道 743.16km² 平取町
64%
25位 北海道 677.16km² 美瑛町
64%
45位 北海道 572.00km² 鶴居村
64%
8位 北海道 801.50km² 静内町
62%
52位 北海道 547.57km² 上ノ国町
62%
70位 北海道 449.68km² 蘭越町
62%
74位 北海道 428.73km² 門別町
62%
93位 北海道 391.99km² 本別町
62%
28位 秋田県 672.06km² 田沢湖町
59%
35位 岩手県 609.01km² 雫石町
59%
55位 宮崎県 536.20km² 椎葉村
59%
66位 北海道 466.09km² 音更町
59%
71位 北海道 438.52km² 美幌町
59%
85位 北海道 401.40km² 音別町
59%
37位 北海道 606.51km² 歌登町
56%
48位 北海道 568.14km² 今金町
56%
57位 北海道 527.54km² 置戸町
56%
60位 北海道 513.91km² 芽室町
56%
72位 北海道 437.25km² 島牧村
56%
77位 北海道 425.62km² 白老町
56%
94位 福島県 390.50km² 檜枝岐村
56%
100位 北海道 371.91km² 池田町
56%
58位 北海道 522.01km² 朝日町
54%
61位 北海道 510.13km² 丸瀬布町
54%
67位 北海道 460.42km² 厚沢部町
54%
78位 北海道 422.71km² 当別町
54%
81位 北海道 402.74km² 清里町
54%
15位 北海道 739.37km² 阿寒町
51%
32位 新潟県 629.32km² 朝日村
51%
47位 山形県 569.17km² 朝日村
51%
82位 北海道 402.10km² 清水町
51%
92位 群馬県 392.01km² 片品村
51%
98位 栃木県 372.31km² 那須町
51%
53位 北海道 546.48km² 穂別町
49%
80位 北海道 404.56km² 厚真町
46%
86位 北海道 399.61km² 鹿追町
44%
91位 山形県 393.23km² 西川町
41%
95位 北海道 379.53km² 北檜山町
38%
96位 静岡県 375.35km² 本川根町
38%
99位 秋田県 371.92km² 阿仁町
38%
76位 栃木県 427.37km² 栗山村
36%
97位 山形県 374.29km² 真室川町
36%
73位 岩手県 434.99km² 葛巻町
33%
44位 富山県 572.32km² 大山町
31%
51位 岩手県 563.07km² 川井村
28%
84位 長野県 401.50km² 安曇村
28%
64位 岐阜県 475.12km² 上宝村
26%
68位 北海道 460.24km² 安代町
26%
89位 岩手県 397.32km² 玉山村
21%
90位 福島県 395.00km² 猪苗代町
21%
No matching quizzes found
Score Distribution
Percent of People with Each Score
Percentile by Number Answered
Your Score History
You have not taken this quiz